000 00272nam a2200109Ia 4500
001 588575
005 20250717120834.0
008 250717s9999 xx 000 0 und d
245 0 _aV-3 FUTBOL KULÜBÜNDE
_cSİMONE VEENSTRA
260 _bERDEM YAYINLARI
_c2019
300 _b95
999 _c588575
_d588575